[Event "LSS WC-2014-P-00015"]
[Site "LSS email"]
[Date "2010.02.18"]
[Round "?"]
[White "Gretencord, Ulrich"]
[Black "Techera, Marcos"]
[Result "1-0"]
[WhiteElo "2080"]
[BlackElo "1398"]
[PlyCount "21"]
[EventDate "2010.02.24"]
[EventType "tourn (corr)"]
[EventRounds "6"]
[EventCountry "GER"]
[SourceTitle "Corr 2013"]
[Source "ChessBase"]
[SourceDate "2012.11.12"]
[SourceVersion "1"]
[SourceVersionDate "2012.11.12"]
[SourceQuality "1"]
[WhiteTeam "US of America"]
[BlackTeam "US of America"]
[WhiteTeamCountry "USA"]
[BlackTeamCountry "USA"]

1. e4 c5 2. Nf3 g6 3. d4 cxd4 4. Qxd4 Nf6 5. Nc3 Nc6 6. Qa4 b6 7. e5 Nh5 8. Be2 Bb7 9. Be3 Bg7 10. 0-0-0 Bxe5 11. Nxe5 1-0

[Event "LSS WC-2014-P-00015"]
[Site "LSS email"]
[Date "2010.02.18"]
[Round "?"]
[White "Szava, Miklos"]
[Black "Techera, Marcos"]
[Result "1-0"]
[WhiteElo "2171"]
[BlackElo "1398"]
[PlyCount "23"]
[EventDate "2010.02.24"]
[EventType "tourn (corr)"]
[EventRounds "6"]
[EventCountry "GER"]
[SourceTitle "Corr 2013"]
[Source "ChessBase"]
[SourceDate "2012.11.12"]
[SourceVersion "1"]
[SourceVersionDate "2012.11.12"]
[SourceQuality "1"]
[WhiteTeam "US of America"]
[BlackTeam "US of America"]
[WhiteTeamCountry "USA"]
[BlackTeamCountry "USA"]

1. e4 c5 2. Nf3 g6 3. d4 cxd4 4. Nxd4 Bg7 5. c4 Nc6 6. Be3 Nf6 7. Nc3 Nxd4 8. Bxd4 d6 9. Be2 0-0 10. 0-0 Qa5 11. f4 e5 12. fxe5 1-0

[Event "LSS BI-2009-F-00008"]
[Site "LSS email"]
[Date "2010.02.15"]
[Round "?"]
[White "Louro, Eugenio Diogo"]
[Black "Techera, Marcos"]
[Result "1-0"]
[WhiteElo "1740"]
[BlackElo "1398"]
[PlyCount "39"]
[EventDate "2010.02.17"]
[EventType "tourn (corr)"]
[EventRounds "10"]
[EventCountry "GER"]
[SourceTitle "Corr 2013"]
[Source "ChessBase"]
[SourceDate "2012.11.12"]
[SourceVersion "1"]
[SourceVersionDate "2012.11.12"]
[SourceQuality "1"]

1. b4 Nf6 2. Bb2 e6 3. a3 d5 4. Nf3 c5 5. bxc5 Bxc5 6. e3 Nc6 7. d4 Be7 8. Nbd2 0-0 9. Bd3 b6 10. 0-0 Bb7 11. c4 dxc4 12. Nxc4 Rc8 13. Qe2 b5 14. Ncd2 a6 15. a4 bxa4 16. Bxa6 Qb6 17. Bxb7 Qxb7 18. Rfb1 Ra8 19. d5 Nb4 20. dxe6 1-0

[Event "LSS BI-2009-F-00008"]
[Site "LSS email"]
[Date "2010.02.15"]
[Round "?"]
[White "Techera, Marcos"]
[Black "Schubert, Steffen"]
[Result "0-1"]
[WhiteElo "1398"]
[BlackElo "1967"]
[PlyCount "30"]
[EventDate "2010.02.17"]
[EventType "tourn (corr)"]
[EventRounds "10"]
[EventCountry "GER"]
[SourceTitle "Corr 2013"]
[Source "ChessBase"]
[SourceDate "2012.11.12"]
[SourceVersion "1"]
[SourceVersionDate "2012.11.12"]
[SourceQuality "1"]

1. e4 e5 2. Nf3 Nf6 3. Nxe5 d6 4. Nf3 Nxe4 5. d4 d5 6. Bd3 Be7 7. 0-0 0-0 8. c4 Nf6 9. h3 Be6 10. c5 b6 11. Be3 bxc5 12. dxc5 Ne4 13. Qc2 Nc6 14. Bxe4 dxe4 15. Qxe4 Qd5 0-1

[Event "LSS BI-2009-F-00008"]
[Site "LSS email"]
[Date "2010.02.15"]
[Round "?"]
[White "Techera, Marcos"]
[Black "Soreghy, Janos"]
[Result "0-1"]
[WhiteElo "1398"]
[BlackElo "1878"]
[PlyCount "62"]
[EventDate "2010.02.17"]
[EventType "tourn (corr)"]
[EventRounds "10"]
[EventCountry "GER"]
[SourceTitle "Telechess CBM 147"]
[Source "ChessBase"]
[SourceDate "2012.03.16"]
[SourceVersion "1"]
[SourceVersionDate "2012.03.16"]
[SourceQuality "1"]

1. e4 c5 2. Nf3 d6 3. Bb5+ Bd7 4. Bxd7+ Qxd7 5. c4 Nc6 6. Nc3 Nf6 7. d4 cxd4 8. Nxd4 e6 9. 0-0 Be7 10. Be3 0-0 11. Qe2 Rac8 12. f4 a6 13. Rad1 Qc7 14. b3 Qa5 15. Nxc6 bxc6 16. Bd4 e5 17. fxe5 dxe5 18. Rf5 Nd7 19. Na4 g6 20. Be3 gxf5 21. Rxd7 f4 22. Bb6 Qb4 23. Bc7 Rfd8 24. Bxd8 Rxd8 25. Kf1 Kg7 26. Rxd8 Bxd8 27. Qg4+ Kh6 28. Qh3+ Kg7 29. Qd7 Ba5 30. Qg4+ Kf8 31. Qd1 h6 0-1

[Event "LSS BI-2009-F-00008"]
[Site "LSS email"]
[Date "2010.02.15"]
[Round "?"]
[White "Techera, Marcos"]
[Black "Van Esbroeck, Jeff"]
[Result "0-1"]
[WhiteElo "1404"]
[BlackElo "1610"]
[PlyCount "64"]
[EventDate "2010.02.17"]
[EventType "tourn (corr)"]
[EventRounds "10"]
[EventCountry "GER"]
[SourceTitle "Telechess CBM 141"]
[Source "ChessBase"]
[SourceDate "2011.03.17"]
[SourceVersion "1"]
[SourceVersionDate "2011.03.17"]
[SourceQuality "1"]

1. e4 e5 2. Nf3 Nc6 3. Bb5 Nf6 4. 0-0 Bc5 5. Nxe5 Nxe5 6. d4 a6 7. Be2 Bxd4 8. Qxd4 d6 9. Nc3 0-0 10. Bg5 h6 11. Bh4 Nc6 12. Qe3 b5 13. a3 Re8 14. f4 Bb7 15. Bf3 Na5 16. Qf2 Qb8 17. Bxf6 gxf6 18. Qg3+ Kh8 19. Qh3 Kg7 20. Ne2 Qa7+ 21. Kh1 Nc4 22. Rfe1 Bc8 23. Qh4 Kg8 24. Qxh6 Ne3 25. h3 f5 26. Ng3 Re6 27. Qg6+ Rxg6 28. Rxe3 Rxg3 29. Rae1 fxe4 30. Kh2 Rxh3+ 31. gxh3 exf3 32. Rxf3 Bb7 0-1

[Event "LSS CP-2009-P-00076"]
[Site "LSS email"]
[Date "2009.09.27"]
[Round "?"]
[White "Mostowik, Daniel"]
[Black "Techera, Marcos"]
[Result "1-0"]
[WhiteElo "2121"]
[BlackElo "1398"]
[PlyCount "115"]
[EventDate "2009.10.01"]
[EventType "tourn (corr)"]
[EventRounds "6"]
[EventCountry "GER"]
[SourceTitle "Telechess CBM 141"]
[Source "ChessBase"]
[SourceDate "2011.03.17"]
[SourceVersion "1"]
[SourceVersionDate "2011.03.17"]
[SourceQuality "1"]

1. e4 c5 2. Nf3 g6 3. Bc4 Bg7 4. 0-0 d6 5. Nc3 Nc6 6. h3 Nf6 7. Re1 0-0 8. d3 e6 9. Bg5 Qb6 10. Qd2 Nd7 11. Rab1 a6 12. Bh6 Nd4 13. Nxd4 Bxh6 14. Qxh6 cxd4 15. Ne2 Ne5 16. Red1 Nc6 17. c3 e5 18. Bd5 Be6 19. c4 Nb4 20. f4 exf4 21. Bxe6 fxe6 22. Nxf4 Rae8 23. Rf1 Qd8 24. Rf2 e5 25. a3 Rxf4 26. Rxf4 exf4 27. axb4 Qf6 28. Rf1 Rf8 29. h4 Qe5 30. g3 f3 31. Qg5 Qxg5 32. hxg5 Kg7 33. Kf2 h6 34. gxh6+ Kxh6 35. Re1 Kh5 36. e5 dxe5 37. Rxe5+ g5 38. b5 axb5 39. Rxb5 Re8 40. Kxf3 Re3+ 41. Kf2 Kg4 42. Rxb7 Rxd3 43. Ke2 Rxg3 44. c5 Re3+ 45. Kd2 Re8 46. b4 Rc8 47. Kd3 Kf5 48. Rd7 Kf6 49. Rxd4 Rg8 50. b5 g4 51. Ke2 Rg5 52. Rc4 g3 53. Kf1 g2+ 54. Kg1 Ke7 55. b6 Kd8 56. Ra4 Rxc5 57. Ra8+ Kd7 58. b7 1-0

[Event "LSS CP-2009-P-00076"]
[Site "LSS email"]
[Date "2009.09.27"]
[Round "?"]
[White "Techera, Marcos"]
[Black "Albesa, Alfredo Ricardo"]
[Result "0-1"]
[WhiteElo "1398"]
[BlackElo "1687"]
[PlyCount "80"]
[EventDate "2009.10.01"]
[EventType "tourn (corr)"]
[EventRounds "6"]
[EventCountry "GER"]
[SourceTitle "Corr 2013"]
[Source "ChessBase"]
[SourceDate "2012.11.12"]
[SourceVersion "1"]
[SourceVersionDate "2012.11.12"]
[SourceQuality "1"]
[WhiteTeam "US of America"]
[BlackTeam "US of America"]
[WhiteTeamCountry "USA"]
[BlackTeamCountry "USA"]

1. e4 c6 2. c4 d5 3. exd5 cxd5 4. cxd5 Nf6 5. Nc3 Nxd5 6. Nf3 Nc6 7. Bb5 e6 8. d4 Bd6 9. 0-0 0-0 10. Re1 Bd7 11. Bc4 Nb6 12. Bb3 Na5 13. Ne5 Nxb3 14. axb3 f6 15. Nd3 Qc7 16. g3 a6 17. Nc5 Rfe8 18. b4 Nc4 19. Qb3 b5 20. Rxa6 Rxa6 21. Nxa6 Qc8 22. Nc5 e5 23. Nxd7 Qxd7 24. dxe5 Bxe5 25. Qc2 Bd4 26. Rxe8+ Qxe8 27. Qd1 Bxc3 28. bxc3 Qa8 29. Qd7 Ne5 30. Qxb5 Nf3+ 31. Kf1 Nxh2+ 32. Ke1 g5 33. Be3 Nf3+ 34. Kd1 Qe4 35. Kc1 Ne1 36. Qb8+ Kg7 37. Qc7+ Kg6 38. Kb2 Qc2+ 39. Ka3 Qd1 40. Qc8 Qa1+ 0-1

[Event "LSS CP-2009-P-00076"]
[Site "LSS email"]
[Date "2009.09.27"]
[Round "?"]
[White "Techera, Marcos"]
[Black "De Waele, Willy"]
[Result "1-0"]
[WhiteElo "1496"]
[BlackElo "1942"]
[PlyCount "57"]
[EventDate "2009.10.01"]
[EventType "tourn (corr)"]
[EventRounds "6"]
[EventCountry "GER"]
[SourceTitle "Telechess CBM 137"]
[Source "ChessBase"]
[SourceDate "2010.07.15"]
[SourceVersion "1"]
[SourceVersionDate "2010.07.15"]
[SourceQuality "1"]

1. e4 c5 2. Nf3 d6 3. Bb5+ Bd7 4. Bxd7+ Qxd7 5. c4 Nf6 6. Nc3 Nc6 7. d4 cxd4 8. Nxd4 e6 9. 0-0 Be7 10. Be3 0-0 11. Qe2 a6 12. Rfd1 Qc7 13. Rac1 Nxd4 14. Bxd4 Nd7 15. b3 Rfd8 16. Rd3 Bf6 17. Qd2 Ne5 18. Rg3 Rac8 19. Rd1 h5 20. a4 Kh7 21. Ne2 g6 22. a5 Nd7 23. h3 Be5 24. Bxe5 Nxe5 25. Nd4 Qe7 26. f4 Rc5 27. Rc3 Nc6 28. Nxc6 Rxc6 29. Rd3 1-0

[Event "LSS CP-2009-P-00076"]
[Site "LSS email"]
[Date "2009.09.27"]
[Round "?"]
[White "Van de Peut, Aart A"]
[Black "Techera, Marcos"]
[Result "0-1"]
[WhiteElo "1520"]
[BlackElo "1517"]
[PlyCount "50"]
[EventDate "2009.10.01"]
[EventType "tourn (corr)"]
[EventRounds "6"]
[EventCountry "GER"]
[SourceTitle "Corr 2013"]
[Source "ChessBase"]
[SourceDate "2012.11.12"]
[SourceVersion "1"]
[SourceVersionDate "2012.11.12"]
[SourceQuality "1"]
[WhiteTeam "US of America"]
[BlackTeam "US of America"]
[WhiteTeamCountry "USA"]
[BlackTeamCountry "USA"]

1. c4 g6 2. Nc3 c5 3. g3 Bg7 4. Bg2 d6 5. Nf3 Nc6 6. 0-0 Bd7 7. a3 Nf6 8. d4 cxd4 9. Nxd4 0-0 10. Bg5 Ng4 11. Ndb5 Nge5 12. Nxd6 h6 13. Nxb7 Qb6 14. Bxc6 Bxc6 15. Bxe7 Qxb7 16. Bxf8 Rxf8 17. Qc2 Nxc4 18. b3 Ne5 19. Rac1 h5 20. h3 h4 21. Kh2 hxg3+ 22. fxg3 Bh6 23. Rcd1 Be3 24. Qb2 f6 25. Rd6 Ng4+ 0-1

[Event "LSS RE-2009-0-00022"]
[Site "LSS email"]
[Date "2009.04.17"]
[Round "?"]
[White "D'Emilia, Jack"]
[Black "Techera, Marcos"]
[Result "0-1"]
[WhiteElo "1264"]
[BlackElo "1198"]
[PlyCount "34"]
[EventDate "2009.02.07"]
[EventType "tourn (corr)"]
[EventRounds "6"]
[EventCountry "GER"]
[SourceTitle "Corr 2011"]
[Source "ChessBase"]
[SourceDate "2010.08.31"]
[SourceVersion "1"]
[SourceVersionDate "2010.08.31"]
[SourceQuality "1"]

1. d4 Nf6 2. c4 Nc6 3. d5 Ne5 4. Qc2 e6 5. dxe6 dxe6 6. e4 Bc5 7. h3 0-0 8. Be2 Bxf2+ 9. Kxf2 Qd4+ 10. Be3 Nxe4+ 11. Ke1 Qxe3 12. Nc3 Qg3+ 13. Kd1 Rd8+ 14. Kc1 Qe3+ 15. Kb1 Nd2+ 16. Qxd2 Rxd2 17. Nd1 Qe4+ 0-1

[Event "LSS BI-2008-F-00015"]
[Site "LSS email"]
[Date "2009.03.02"]
[Round "?"]
[White "Bester, Kazimierz"]
[Black "Techera, Marcos"]
[Result "0-1"]
[WhiteElo "587"]
[BlackElo "958"]
[PlyCount "61"]
[EventDate "2009.03.03"]
[EventType "tourn (corr)"]
[EventRounds "10"]
[EventCountry "GER"]
[SourceTitle "Corr 2011"]
[Source "ChessBase"]
[SourceDate "2010.08.31"]
[SourceVersion "1"]
[SourceVersionDate "2010.08.31"]
[SourceQuality "1"]

1. e4 c5 2. Nf3 g6 3. d4 cxd4 4. Nxd4 Bg7 5. Nb3 Nc6 6. Nc3 b6 7. Bb5 a6 8. Bxc6 dxc6 9. Qxd8+ Kxd8 10. Be3 Kc7 11. 0-0-0 e5 12. Na4 Rb8 13. Nd2 Nf6 14. f3 Be6 15. Kb1 Nh5 16. g3 f5 17. f4 exf4 18. Bxf4+ Nxf4 19. gxf4 Bh6 20. Rhf1 Rhd8 21. e5 Rd4 22. Nc3 Rxf4 23. Rxf4 Bxf4 24. Nf3 Rd8 25. Rxd8 Kxd8 26. h4 c5 27. Na4 Kc7 28. b3 Bd5 29. Nc3 Bxf3 30. e6 b5 31. e7 0-1

[Event "LSS RF-2008-0-00024"]
[Site "LSS email"]
[Date "2009.01.31"]
[Round "?"]
[White "Paluch, Andrzej"]
[Black "Techera, Marcos"]
[Result "0-1"]
[WhiteElo "1142"]
[BlackElo "1198"]
[PlyCount "74"]
[EventDate "2009.01.21"]
[EventType "tourn (corr)"]
[EventRounds "6"]
[EventCountry "GER"]
[SourceTitle "Corr 2011"]
[Source "ChessBase"]
[SourceDate "2010.08.31"]
[SourceVersion "1"]
[SourceVersionDate "2010.08.31"]
[SourceQuality "1"]

1. d4 Nf6 2. c4 Nc6 3. d5 Ne5 4. b3 e6 5. Bb2 Bb4+ 6. Nc3 d6 7. Qc2 exd5 8. e3 g6 9. Be2 Bf5 10. Qc1 dxc4 11. a3 Bxc3+ 12. Qxc3 Ne4 13. Qc1 cxb3 14. Nf3 0-0 15. Nxe5 dxe5 16. 0-0 b6 17. f3 Nc5 18. e4 Be6 19. Bxe5 f6 20. Rd1 Qe7 21. Bd4 Rad8 22. Rb1 Nb7 23. Qb2 c5 24. Bc3 Rxd1+ 25. Rxd1 c4 26. Bb4 Nc5 27. Qd4 a5 28. Bc3 Na4 29. Bxc4 Nxc3 30. Bxe6+ Qxe6 31. Qxc3 Rc8 32. Qd2 Kg7 33. a4 b5 34. axb5 Qb6+ 35. Kh1 Qxb5 36. h4 a4 37. Rb1 Rc7 0-1

[Event "LSS RF-2008-0-00024"]
[Site "LSS email"]
[Date "2009.01.31"]
[Round "?"]
[White "Techera, Marcos"]
[Black "Lin, Yi Cheng"]
[Result "1-0"]
[WhiteElo "1180"]
[BlackElo "1032"]
[PlyCount "39"]
[EventDate "2009.01.21"]
[EventType "tourn (corr)"]
[EventRounds "6"]
[EventCountry "GER"]
[SourceTitle "Corr 2011"]
[Source "ChessBase"]
[SourceDate "2010.08.31"]
[SourceVersion "1"]
[SourceVersionDate "2010.08.31"]
[SourceQuality "1"]

1. e4 d5 2. exd5 Qxd5 3. Nf3 Nf6 4. d4 a6 5. c4 Qa5+ 6. Nc3 Bf5 7. c5 c6 8. Qb3 Qc7 9. Bc4 e6 10. Bf4 Qc8 11. Nh4 Bg6 12. 0-0 Be7 13. g3 Nd5 14. Bd6 Bxd6 15. cxd6 b5 16. Bxd5 cxd5 17. Rac1 Qd7 18. Nxg6 hxg6 19. Nxd5 exd5 20. Rc7 1-0

[Event "LSS RF-2008-0-00024"]
[Site "LSS email"]
[Date "2009.01.31"]
[Round "?"]
[White "Techera, Marcos"]
[Black "Nash, Chris"]
[Result "1-0"]
[WhiteElo "958"]
[BlackElo "1070"]
[PlyCount "43"]
[EventDate "2009.01.21"]
[EventType "tourn (corr)"]
[EventRounds "6"]
[EventCountry "GER"]
[SourceTitle "Corr 2011"]
[Source "ChessBase"]
[SourceDate "2010.08.31"]
[SourceVersion "1"]
[SourceVersionDate "2010.08.31"]
[SourceQuality "1"]

1. e4 e5 2. Nf3 Nc6 3. Bb5 d6 4. d4 exd4 5. Nxd4 Bd7 6. Nc3 Ne5 7. Bxd7+ Qxd7 8. 0-0 Nf6 9. Bg5 Be7 10. Qe2 a6 11. Nf5 0-0 12. f4 Ng6 13. Nxe7+ Nxe7 14. Bxf6 gxf6 15. Rad1 Rfe8 16. f5 Kh8 17. Qh5 Ng8 18. Rf3 Qc6 19. Rh3 h6 20. Rg3 Rxe4 21. Nxe4 Qxe4 22. Qxf7 1-0

[Event "LSS RF-2008-0-00023"]
[Site "LSS email"]
[Date "2009.01.14"]
[Round "?"]
[White "Rodrigues, Eduardo Hercos"]
[Black "Techera, Marcos"]
[Result "0-1"]
[WhiteElo "1000"]
[BlackElo "902"]
[PlyCount "48"]
[EventDate "2009.01.03"]
[EventType "tourn (corr)"]
[EventRounds "6"]
[EventCountry "GER"]
[SourceTitle "Corr 2011"]
[Source "ChessBase"]
[SourceDate "2010.08.31"]
[SourceVersion "1"]
[SourceVersionDate "2010.08.31"]
[SourceQuality "1"]

1. e4 g6 2. d4 Bg7 3. Nc3 a6 4. Be3 b5 5. Qd2 Bb7 6. f3 d6 7. 0-0-0 Nd7 8. h4 Ngf6 9. Bh6 Bxh6 10. Qxh6 c5 11. Nge2 b4 12. Nb1 Qa5 13. a3 Rc8 14. axb4 cxb4 15. d5 b3 16. Nec3 bxc2 17. Kxc2 Qa4+ 18. Kd2 Qb4 19. Ke1 Qxb2 20. Qg7 Rg8 21. Qh6 Rxc3 22. Nxc3 Qxc3+ 23. Qd2 Qe5 24. Kf2 Nc5 0-1

[Event "LSS RF-2008-0-00023"]
[Site "LSS email"]
[Date "2009.01.14"]
[Round "?"]
[White "Techera, Marcos"]
[Black "Potter, Mitchel"]
[Result "1-0"]
[WhiteElo "958"]
[BlackElo "1163"]
[PlyCount "39"]
[EventDate "2009.01.03"]
[EventType "tourn (corr)"]
[EventRounds "6"]
[EventCountry "GER"]
[SourceTitle "Corr 2011"]
[Source "ChessBase"]
[SourceDate "2010.08.31"]
[SourceVersion "1"]
[SourceVersionDate "2010.08.31"]
[SourceQuality "1"]

1. e4 e6 2. d4 c5 3. d5 exd5 4. exd5 d6 5. Bb5+ Bd7 6. Nc3 Bxb5 7. Nxb5 Qa5+ 8. Nc3 h6 9. Qe2+ Be7 10. Bf4 Qa6 11. Nb5 Qa5+ 12. c3 Qd8 13. Bxd6 Na6 14. 0-0-0 Nf6 15. Re1 0-0 16. Bxe7 Qd7 17. Bxf8 Rxf8 18. Qc4 b6 19. d6 Rd8 20. Re7 1-0

[Event "LSS RF-2008-0-00023"]
[Site "LSS email"]
[Date "2009.01.14"]
[Round "?"]
[White "Techera, Marcos"]
[Black "Trevis, Robert R"]
[Result "1-0"]
[WhiteElo "958"]
[BlackElo "1039"]
[PlyCount "35"]
[EventDate "2009.01.03"]
[EventType "tourn (corr)"]
[EventRounds "6"]
[EventCountry "GER"]
[SourceTitle "Corr 2011"]
[Source "ChessBase"]
[SourceDate "2010.08.31"]
[SourceVersion "1"]
[SourceVersionDate "2010.08.31"]
[SourceQuality "1"]

1. e4 e5 2. Nf3 Nc6 3. Bb5 a6 4. Bxc6 dxc6 5. 0-0 f6 6. d4 Bg4 7. c3 exd4 8. cxd4 Bxf3 9. Qxf3 Qxd4 10. Rd1 Qe5 11. Bf4 Qxb2 12. Nd2 0-0-0 13. Nc4 Rxd1+ 14. Rxd1 Qb4 15. Qh3+ Kb8 16. Qd7 Qxc4 17. Bxc7+ Ka7 18. Qc8 1-0

[Event "LSS OP-2008-0-00675"]
[Site "LSS email"]
[Date "2008.11.11"]
[Round "?"]
[White "Van der Kemp, Michel"]
[Black "Techera, Marcos"]
[Result "1-0"]
[WhiteElo "1942"]
[BlackElo "958"]
[PlyCount "103"]
[EventDate "2008.11.10"]
[EventType "tourn (corr)"]
[EventRounds "4"]
[EventCountry "GER"]
[SourceTitle "Corr 2011"]
[Source "ChessBase"]
[SourceDate "2010.08.31"]
[SourceVersion "1"]
[SourceVersionDate "2010.08.31"]
[SourceQuality "1"]

1. e4 c5 2. Nf3 g6 3. d4 Bg7 4. c4 Qb6 5. dxc5 Qxc5 6. Be2 d6 7. 0-0 Nc6 8. h3 Be6 9. Be3 Qb4 10. Nbd2 Qxb2 11. Rb1 Qxa2 12. Rxb7 Nf6 13. Ng5 Bc8 14. Rc7 Bd7 15. c5 0-0 16. cxd6 exd6 17. Bc4 Qa5 18. Rxd7 Nxd7 19. Bxf7+ Rxf7 20. Nxf7 Kxf7 21. Qb3+ Ke7 22. Qb7 Rb8 23. Qxc6 Ne5 24. Qc2 Rb2 25. Qc8 Rxd2 26. Rb1 Rb2 27. Rxb2 Qa1+ 28. Bc1 Nf3+ 29. gxf3 Bxb2 30. Qb7+ Ke6 31. Qxb2 Qxb2 32. Bxb2 Kd7 33. Kf1 Ke6 34. Ke2 a5 35. Kd3 Kd7 36. Kc4 Kc6 37. h4 a4 38. Ba3 h6 39. f4 h5 40. f3 Kc7 41. Kd5 Kd7 42. Bxd6 Kd8 43. f5 gxf5 44. exf5 Ke8 45. Ke6 Kd8 46. f6 Kc8 47. f7 Kb7 48. f8Q Kc6 49. Qe8+ Kb6 50. Qxa4 Kb7 51. Qa5 Kc6 52. Qa6# 1-0

[Event "LSS BI-2008-P-00022"]
[Site "LSS email"]
[Date "2008.04.27"]
[Round "?"]
[White "Techera, Marcos"]
[Black "Wang, Xiaomiao"]
[Result "0-1"]
[WhiteElo "924"]
[BlackElo "800"]
[PlyCount "56"]
[EventDate "2008.04.27"]
[EventType "tourn (corr)"]
[EventRounds "10"]
[EventCountry "GER"]
[SourceTitle "Corr 2011"]
[Source "ChessBase"]
[SourceDate "2010.08.31"]
[SourceVersion "1"]
[SourceVersionDate "2010.08.31"]
[SourceQuality "1"]

1. e4 c5 2. d4 cxd4 3. Qxd4 Nc6 4. Qd2 Nf6 5. Nc3 e6 6. Bb5 Bb4 7. Bxc6 bxc6 8. Qd4 c5 9. Qe3 d5 10. exd5 Nxd5 11. Qg3 Bxc3+ 12. bxc3 0-0 13. Ba3 Qa5 14. Bb2 Ba6 15. 0-0-0 Bc4 16. a3 Rab8 17. Nf3 Rxb2 18. Kxb2 Qxc3+ 19. Kc1 Qxa3+ 20. Kd2 Qc3+ 21. Kc1 Nb4 22. Ne1 Na2+ 23. Kb1 Qb4+ 24. Ka1 Nc3 25. Qxc3 Qxc3+ 26. Kb1 Rb8+ 27. Kc1 Ba2 28. Rd3 Rb1# 0-1

[Event "LSS BI-2008-P-00022"]
[Site "LSS email"]
[Date "2008.04.27"]
[Round "?"]
[White "Techera, Marcos"]
[Black "Yarmolyuk, Yury"]
[Result "0-1"]
[WhiteElo "924"]
[BlackElo "2071"]
[PlyCount "64"]
[EventDate "2008.04.27"]
[EventType "tourn (corr)"]
[EventRounds "10"]
[EventCountry "GER"]
[SourceTitle "Corr 2011"]
[Source "ChessBase"]
[SourceDate "2010.08.31"]
[SourceVersion "1"]
[SourceVersionDate "2010.08.31"]
[SourceQuality "1"]

1. e4 c5 2. d4 cxd4 3. Qxd4 Nc6 4. Qd2 Nf6 5. Nc3 e6 6. Nf3 Bb4 7. e5 Nd5 8. a3 Qa5 9. Kd1 Nxc3+ 10. bxc3 Bxc3 11. Qg5 Bxa1 12. Qxg7 Bxe5 13. Nxe5 Qxe5 14. Qxe5 Nxe5 15. Bb2 f6 16. f4 Ng6 17. Bxf6 0-0 18. Bg5 Kg7 19. g3 h6 20. Be7 Nxe7 21. Bd3 b6 22. Be4 d5 23. Bd3 e5 24. fxe5 Nc6 25. Re1 Bg4+ 26. Kd2 Rf2+ 27. Be2 Re8 28. Ke3 Rxe2+ 29. Rxe2 Rxe5+ 30. Kf4 Bxe2 31. h4 Re4+ 32. Kf5 Ne7# 0-1

[Event "LSS SN-2008-0-00091"]
[Site "LSS email"]
[Date "2008.03.27"]
[Round "?"]
[White "Techera, Marcos"]
[Black "Bontems, Cyrille"]
[Result "0-1"]
[WhiteElo "972"]
[BlackElo "825"]
[PlyCount "74"]
[EventDate "2008.03.08"]
[EventType "tourn (corr)"]
[EventRounds "6"]
[EventCountry "GER"]
[SourceTitle "Corr 2011"]
[Source "ChessBase"]
[SourceDate "2010.08.31"]
[SourceVersion "1"]
[SourceVersionDate "2010.08.31"]
[SourceQuality "1"]

1. e4 c5 2. d4 cxd4 3. Qxd4 Nc6 4. Qd1 Nf6 5. Nc3 d6 6. Nd5 Nxe4 7. f3 Nc5 8. Bb5 a6 9. Bxc6+ bxc6 10. Nb4 Qb6 11. c3 e5 12. Be3 Be7 13. Bxc5 Qxc5 14. Qa4 Bb7 15. Nd3 Qe3+ 16. Ne2 Qxd3 17. Rd1 Qb5 18. Qxb5 axb5 19. a3 Kd7 20. 0-0 d5 21. Ng3 Bc5+ 22. Kh1 Ke6 23. f4 e4 24. f5+ Ke5 25. Rd2 b4 26. cxb4 Bb6 27. Nh5 Ba6 28. Rc1 Be3 29. Rxd5+ cxd5 30. Nxg7 Bxc1 31. Nh5 d4 32. g4 d3 33. Kg2 d2 34. Ng3 d1Q 35. Kh3 Kf4 36. g5 Bf1+ 37. Nxf1 Qg4# 0-1

[Event "LSS SN-2008-0-00091"]
[Site "LSS email"]
[Date "2008.03.27"]
[Round "?"]
[White "Techera, Marcos"]
[Black "Yangibayev, Rustam"]
[Result "0-1"]
[WhiteElo "972"]
[BlackElo "645"]
[PlyCount "138"]
[EventDate "2008.03.08"]
[EventType "tourn (corr)"]
[EventRounds "6"]
[EventCountry "GER"]
[SourceTitle "Corr 2011"]
[Source "ChessBase"]
[SourceDate "2010.08.31"]
[SourceVersion "1"]
[SourceVersionDate "2010.08.31"]
[SourceQuality "1"]

1. e4 c6 2. d4 d5 3. Nc3 Nf6 4. f3 g6 5. e5 Nh5 6. g4 Ng7 7. Bh6 Nd7 8. Bxg7 Bxg7 9. g5 Nb6 10. Bh3 Bf5 11. Bxf5 gxf5 12. f4 h6 13. gxh6 Rxh6 14. Qd3 e6 15. 0-0-0 Qe7 16. Nf3 Rh3 17. Qf1 Rh7 18. h4 0-0-0 19. h5 Nc4 20. Nd2 Ne3 21. Qh3 Nxd1 22. Kxd1 Qb4 23. Kc1 Qxd4 24. Ne2 Qa4 25. a3 f6 26. Nf3 c5 27. Qh4 Qc4 28. Nc3 d4 29. Rd1 dxc3 30. Rxd8+ Kxd8 31. exf6 Bf8 32. f7+ Kc7 33. bxc3 Rxf7 34. Ne5 Qf1+ 35. Kb2 Qb5+ 36. Kc1 Rg7 37. Ng6 c4 38. Qf6 Bxa3+ 39. Kd2 Qd5+ 40. Ke3 Bc5+ 41. Ke2 Qg2+ 42. Kd1 Rd7+ 43. Kc1 Ba3+ 44. Kb1 Qc6 45. Qe5+ Kb6 46. Qe3+ Bc5 47. Qc1 Qb5+ 48. Ka1 Qa5+ 49. Kb1 Rd6 50. Ne5 Qxc3 51. Qb2+ Qxb2+ 52. Kxb2 Bd4+ 53. Ka3 Bxe5 54. fxe5 Rd2 55. Kb2 Rh2 56. Kc3 Kc5 57. h6 Rxh6 58. Kd2 Kd4 59. c3+ Ke4 60. Ke2 a5 61. Kd2 f4 62. Ke2 a4 63. Kd2 f3 64. Ke1 a3 65. Kd1 f2 66. Ke2 Rh2 67. Kf1 a2 68. Ke2 a1Q 69. Kd2 f1Q# 0-1